[Event "11. Europa ch 2010 Femenino"]
[Site "Rijeka CRO"]
[Date "2010.03.11"]
[Round "6.1"]
[White "Socko, Monika"]
[Black "Kosintseva, Tatiana"]
[Result "1-0"]
[WhiteElo "2465"]
[BlackElo "2524"]
[PlyCount "93"]
[EventDate "2010.03.06"]
[EventType "swiss"]
[EventRounds "11"]
[EventCountry "CRO"]
[Source "lmi"]
[SourceDate "2010.03.06"]

1. d4 Nf6 2. c4 e6 3. Nc3 Bb4 4. e3 O-O 5. Nge2 d5 6. a3 Be7 7. cxd5 exd5 8. b4
c6 9. Ng3 Re8 10. Bd3 Nbd7 11. O-O Nb6 12. Rb1 Bd6 13. Qc2 Be6 14. a4 a6 15. a5
Nc8 16. Na4 Na7 17. Nc5 Qc7 18. f3 Nb5 19. Qf2 h5 20. Re1 Rad8 21. Bb2 Bc8 22.
Rbd1 Re7 23. Nf1 Ree8 24. h3 Nd7 25. e4 dxe4 26. fxe4 Nf8 27. Qf3 Ng6 28. e5
Bxc5 29. dxc5 h4 30. Bxg6 fxg6 31. Qe4 g5 32. Qg6 Qe7 33. e6 Nc7 34. Rxd8 Rxd8
35. Ne3 Bxe6 36. Ng4 Rf8 37. Nh6+ Kh8 38. Nf5 Rxf5 39. Qxf5 Kg8 40. Qe5 Kh7 41.
Qd6 Qf7 42. Rf1 Bf5 43. Qe5 Kg6 44. Rxf5 Qxf5 45. Qxg7+ Kh5 46. Qxc7 g4 47. Qe5
1-0

[Event "11. Europa ch 2010 Femenino"]
[Site "Rijeka CRO"]
[Date "2010.03.11"]
[Round "6.3"]
[White "Muzychuk, Mariya"]
[Black "Kosintseva, Nadezhda"]
[Result "1/2-1/2"]
[WhiteElo "2444"]
[BlackElo "2554"]
[PlyCount "75"]
[EventDate "2010.03.06"]
[EventType "swiss"]
[EventRounds "11"]
[EventCountry "CRO"]
[Source "lmi"]
[SourceDate "2010.03.06"]

1. d4 Nf6 2. c4 e6 3. g3 d5 4. Bg2 dxc4 5. Qa4+ Nbd7 6. Qxc4 a6 7. Qd3 c5 8.
Nf3 cxd4 9. Qxd4 Bc5 10. Qd3 O-O 11. O-O b5 12. Ne5 Nd5 13. Nxd7 Qxd7 14. Nc3
Bb7 15. Nxd5 Bxd5 16. Bxd5 exd5 17. Bf4 Rfe8 18. Rac1 Bb6 19. Rfd1 Rad8 20. Rc2
h6 21. Rdc1 Re6 22. Bc7 Bxc7 23. Rxc7 Qe8 24. R1c2 Re7 25. Qf5 Re5 26. Qf4 Re4
27. Qf3 Rc4 28. Kg2 Rxc2 29. Rxc2 Qe5 30. b3 g6 31. Qc3 Qe4+ 32. f3 Qe6 33. Qd4
Re8 34. Qd3 h5 35. Rd2 Kg7 36. Qd4+ Kg8 37. Qd3 Kg7 38. Qd4+ 1/2-1/2

[Event "11. Europa ch 2010 Femenino"]
[Site "Rijeka CRO"]
[Date "2010.03.11"]
[Round "6.4"]
[White "Kovalevskaya, Ekaterina"]
[Black "Muzychuk, Anna"]
[Result "1/2-1/2"]
[WhiteElo "2438"]
[BlackElo "2533"]
[PlyCount "107"]
[EventDate "2010.03.06"]
[EventType "swiss"]
[EventRounds "11"]
[EventCountry "CRO"]
[Source "lmi"]
[SourceDate "2010.03.06"]

1. Nf3 f5 2. d3 Nc6 3. e4 e5 4. Nc3 d6 5. d4 fxe4 6. Nxe4 d5 7. Nc3 e4 8. Ne5
Nxe5 9. dxe5 c6 10. f3 exf3 11. Qxf3 Qh4+ 12. g3 Qg4 13. Qf2 Bb4 14. Be2 Qg6
15. Bd2 Ne7 16. Qd4 Ba5 17. Qh4 Qxc2 18. Rf1 Ng6 19. Bh5 Rf8 20. Ke2 Bf5 21.
Rf3 d4 22. Rc1 Qxb2 23. Rxf5 Rxf5 24. Bxg6+ hxg6 25. Rb1 Rh5 26. Qe4 Rxh2+ 27.
Kf3 Rf2+ 28. Kg4 Qxd2 29. Rxb7 Qh6 30. Qxc6+ Kf8 31. Rf7+ Kxf7 32. Qd5+ Ke8 33.
Qc6+ Kd8 34. Qxa8+ Kd7 35. Qd5+ Ke7 36. Qd6+ Ke8 37. Qc6+ Kf8 38. Qa8+ Ke7 39.
Qb7+ Kd8 40. Qd5+ Kc8 41. Qa8+ Kc7 42. Qxa7+ Kc6 43. Qa8+ Kd7 44. Qd5+ Ke7 45.
Qc5+ Kf7 46. Qc4+ Ke7 47. Qc5+ Ke8 48. Qc6+ Kd8 49. Qd5+ Kc8 50. Qa8+ Kd7 51.
Qd5+ Ke7 52. Qc5+ Kf7 53. Qc4+ Ke8 54. Qc6+ 1/2-1/2

[Event "11. Europa ch 2010 Femenino"]
[Site "Rijeka CRO"]
[Date "2010.03.11"]
[Round "6.5"]
[White "Cmilyte, Viktorija"]
[Black "Matveeva, Svetlana"]
[Result "1-0"]
[WhiteElo "2485"]
[BlackElo "2373"]
[PlyCount "95"]
[EventDate "2010.03.06"]
[EventType "swiss"]
[EventRounds "11"]
[EventCountry "CRO"]
[Source "lmi"]
[SourceDate "2010.03.06"]

1. c4 c5 2. Nf3 Nc6 3. d4 cxd4 4. Nxd4 g6 5. e4 Bg7 6. Nc2 Nf6 7. Nc3 d6 8. Be2
O-O 9. O-O Be6 10. Bd2 Nd7 11. Kh1 Nc5 12. f3 f5 13. b4 Nd7 14. exf5 gxf5 15.
Nd5 a5 16. b5 Nce5 17. Nd4 Nc5 18. Bg5 Ng6 19. f4 Bxd5 20. cxd5 Qe8 21. Bh5 Qf7
22. Ne6 Bxa1 23. Nxf8 Bf6 24. Ne6 Bxg5 25. fxg5 Nxe6 26. dxe6 Qxe6 27. Bf3 Qd7
28. Qd5+ e6 29. Qxb7 Qxb7 30. Bxb7 Rb8 31. Ba6 Ne7 32. Rc1 Nd5 33. Rc6 Rb6 34.
Rc8+ Kf7 35. h4 Nb4 36. Rc7+ Kg6 37. Bc8 Nd5 38. Ra7 Rxb5 39. Bxe6 f4 40. Bg8
Kf5 41. Bxh7+ Kg4 42. g6 Nf6 43. g7 Kxh4 44. Rf7 Rg5 45. Rxf6 Rxg7 46. Be4 Kg3
47. Kg1 Re7 48. Rg6+ 1-0

[Event "11. Europa ch 2010 Femenino"]
[Site "Rijeka CRO"]
[Date "2010.03.11"]
[Round "6.6"]
[White "Savina, Anastasia"]
[Black "Dzagnidze, Nana"]
[Result "1/2-1/2"]
[WhiteElo "2391"]
[BlackElo "2479"]
[PlyCount "95"]
[EventDate "2010.03.06"]
[EventType "swiss"]
[EventRounds "11"]
[EventCountry "CRO"]
[Source "lmi"]
[SourceDate "2010.03.06"]

1. d4 Nf6 2. c4 e6 3. Nc3 Bb4 4. Qc2 O-O 5. Nf3 c5 6. dxc5 Na6 7. c6 bxc6 8. g3
d5 9. a3 Bxc3+ 10. Qxc3 Ne4 11. Qc2 Qa5+ 12. Bd2 Nxd2 13. Nxd2 Rb8 14. Bg2 d4
15. O-O c5 16. Nf3 Qb6 17. Rab1 Bb7 18. Ne5 Bxg2 19. Kxg2 f6 20. Nd3 e5 21. b4
Rfe8 22. Qa4 e4 23. Nf4 Nc7 24. Rfd1 Rbd8 25. bxc5 Qxc5 26. Rb7 a5 27. Nd5 Nxd5
28. cxd5 Qxd5 29. Rb5 Qd6 30. Qxa5 d3 31. Qb4 Qc6 32. Rc5 Qa8 33. Ra5 dxe2 34.
Re1 Qc6 35. Rc5 Qa6 36. Qc4+ Qxc4 37. Rxc4 Rd2 38. Rc3 Rd3 39. Rc4 Rd2 40. Rc3
Rd3 41. Rc4 Rxa3 42. Rxe2 f5 43. g4 g6 44. Rc7 fxg4 45. Rb2 Rh3 46. Rbb7 Rh5
47. Rg7+ Kh8 48. Rgc7 1/2-1/2

[Event "11. Europa ch 2010 Femenino"]
[Site "Rijeka CRO"]
[Date "2010.03.11"]
[Round "6.8"]
[White "Cosma, Elena Luminita"]
[Black "Cramling, Pia"]
[Result "0-1"]
[WhiteElo "2346"]
[BlackElo "2523"]
[PlyCount "154"]
[EventDate "2010.03.06"]
[EventType "swiss"]
[EventRounds "11"]
[EventCountry "CRO"]
[Source "lmi"]
[SourceDate "2010.03.06"]

1. d4 Nf6 2. Nf3 e6 3. g3 b5 4. Bg2 d5 5. O-O Nbd7 6. Nbd2 Bb7 7. a4 b4 8. a5
Rc8 9. c4 bxc3 10. bxc3 Be7 11. c4 c5 12. Bb2 O-O 13. Qa4 Bc6 14. Qa2 dxc4 15.
Nxc4 Bd5 16. Rfc1 Ne4 17. Qb1 cxd4 18. Bxd4 Ndc5 19. Qc2 Na6 20. Qa4 Nec5 21.
Qd1 Rb8 22. Be5 Rb4 23. Ncd2 Bf6 24. Bxf6 Qxf6 25. Rab1 Rxb1 26. Rxb1 Qc3 27.
Qc1 Qxa5 28. Ra1 Qb6 29. Qa3 Rd8 30. Bf1 h6 31. e4 Bb7 32. Rb1 Qc7 33. Rc1 Qd6
34. Rb1 Nxe4 35. Qxd6 Nxd6 36. Rxb7 Nxb7 37. Bxa6 Nc5 38. Bc4 a5 39. Kf1 a4 40.
Ke2 a3 41. Nb1 Ra8 42. Nc3 Na4 43. Nb1 Nb6 44. Ba2 Nd5 45. Ne1 Nb4 46. Nc3 Rd8
47. Bb3 g5 48. h3 Kg7 49. g4 h5 50. gxh5 Kh6 51. Ke3 Kxh5 52. Na2 Rb8 53. Nc1
Kg6 54. Ned3 Nxd3 55. Kxd3 Rh8 56. Kc2 Rxh3 57. Kb1 Rh1 58. Kc2 Rf1 59. Nd3 Kf5
60. Bc4 Rh1 61. f3 Rh2+ 62. Kb1 Rd2 63. Nc1 Rb2+ 64. Ka1 Rf2 65. Be2 Rh2 66.
Ka2 Kf4 67. Kxa3 Ke3 68. Bb5 Kxf3 69. Nd3 Ke4 70. Kb3 Kd4 71. Ne1 g4 72. Bc6 f5
73. Bd7 Re2 74. Nc2+ Rxc2 75. Kxc2 g3 76. Bc6 Ke3 77. Kd1 Kf2 0-1

[Event "11. Europa ch 2010 Femenino"]
[Site "Rijeka CRO"]
[Date "2010.03.11"]
[Round "6.10"]
[White "Zhukova, Natalia"]
[Black "Charkhalashvili, Inga"]
[Result "1-0"]
[WhiteElo "2492"]
[BlackElo "2338"]
[PlyCount "87"]
[EventDate "2010.03.06"]
[EventType "swiss"]
[EventRounds "11"]
[EventCountry "CRO"]
[Source "lmi"]
[SourceDate "2010.03.06"]

1. d4 d5 2. c4 e6 3. Nc3 Be7 4. Nf3 Nf6 5. Bg5 O-O 6. e3 c6 7. Rc1 Nbd7 8. Bd3
dxc4 9. Bxc4 Nd5 10. Bxe7 Qxe7 11. O-O b6 12. Nxd5 exd5 13. Bd3 Bb7 14. Qa4 Nf6
15. Rc2 a5 16. Qb3 Qb4 17. Ne5 Rfc8 18. Rfc1 c5 19. Qxb4 axb4 20. dxc5 bxc5 21.
Rxc5 Rxc5 22. Rxc5 Rxa2 23. h3 Ne8 24. Rb5 Ba6 25. Rxb4 Bxd3 26. Nxd3 Kf8 27.
Rb8 Ra1+ 28. Kh2 Rd1 29. Ne5 Rd2 30. Kg3 Rc2 31. b4 Ke7 32. Rb7+ Rc7 33. Rxc7+
Nxc7 34. Nc6+ Kd6 35. Nd4 g6 36. Kf4 f6 37. Kf3 Na6 38. b5 Nc7 39. Kf4 Kc5 40.
g4 h6 41. h4 Nxb5 42. Nxb5 Kxb5 43. h5 gxh5 44. gxh5 1-0

[Event "11. Europa ch 2010 Femenino"]
[Site "Rijeka CRO"]
[Date "2010.03.11"]
[Round "6.11"]
[White "Sedina, Elena"]
[Black "Hoang Thanh Trang"]
[Result "1/2-1/2"]
[WhiteElo "2334"]
[BlackElo "2487"]
[PlyCount "122"]
[EventDate "2010.03.06"]
[EventType "swiss"]
[EventRounds "11"]
[EventCountry "CRO"]
[Source "lmi"]
[SourceDate "2010.03.06"]

1. e4 e6 2. d4 d5 3. exd5 exd5 4. Nf3 Bd6 5. c4 c6 6. Nc3 Ne7 7. h3 O-O 8. Bd3
dxc4 9. Bxc4 Nd7 10. O-O Nb6 11. Bb3 Nbd5 12. Re1 h6 13. Ne5 Bf5 14. Qf3 Bc7
15. Be3 f6 16. Nc4 Kh8 17. Rad1 Qd7 18. Bc1 Rae8 19. Ne4 b6 20. Ng3 Bh7 21. Ne3
Nf4 22. Bc2 Bxc2 23. Nxc2 Ned5 24. Bxf4 Bxf4 25. Nh5 Bd6 26. Ne3 Qf7 27. a3 g6
28. Nxd5 Rxe1+ 29. Rxe1 cxd5 30. Nf4 Bxf4 31. Qxf4 Kg7 32. Qd6 Re8 33. Rxe8
Qxe8 34. Qxd5 Qe1+ 35. Kh2 Qxf2 36. Qb7+ Kf8 37. Qb8+ Kf7 38. Qxa7+ Kf8 39.
Qb8+ Kf7 40. Qc7+ Kf8 41. Qd8+ Kf7 42. Qd5+ Kf8 43. Qe4 Qxb2 44. Qxg6 Qxd4 45.
Qxh6+ Kf7 46. Qh5+ Kf8 47. Qf3 b5 48. Qg3 Kf7 49. h4 Qc5 50. Qd3 Qc4 51. Qd7+
Kf8 52. Kh3 Qc3+ 53. g3 Qxa3 54. Qxb5 Qf3 55. Qb4+ Kf7 56. Qc4+ Kf8 57. Qf4
Qxf4 58. gxf4 f5 59. h5 Kg7 60. Kg3 Kh7 61. Kh3 Kg7 1/2-1/2

[Event "11. Europa ch 2010 Femenino"]
[Site "Rijeka CRO"]
[Date "2010.03.11"]
[Round "6.12"]
[White "Gaponenko, Inna"]
[Black "Gvetadze, Sopio"]
[Result "1/2-1/2"]
[WhiteElo "2472"]
[BlackElo "2342"]
[PlyCount "87"]
[EventDate "2010.03.06"]
[EventType "swiss"]
[EventRounds "11"]
[EventCountry "CRO"]
[Source "lmi"]
[SourceDate "2010.03.06"]

1. e4 Nf6 2. e5 Nd5 3. d4 d6 4. Nf3 g6 5. Bc4 c6 6. O-O Bg7 7. Re1 O-O 8. exd6
Qxd6 9. Bg5 Re8 10. Nbd2 Nd7 11. Bb3 Nf8 12. Ne4 Qc7 13. c4 Nb4 14. Qd2 a5 15.
d5 Bg4 16. Bf4 Qc8 17. Ne5 Bf5 18. a3 Na6 19. Bc2 Bxe4 20. Rxe4 Nc5 21. Ree1
Rd8 22. b4 axb4 23. axb4 Rxa1 24. Rxa1 Ncd7 25. Re1 cxd5 26. cxd5 Nxe5 27. Bxe5
Qc4 28. Bxg7 Kxg7 29. Be4 Rd6 30. Bf3 e6 31. Qb2+ Kg8 32. dxe6 Rxe6 33. Rc1 Qb5
34. Qd4 Qg5 35. Rd1 Qe7 36. h3 Re1+ 37. Rxe1 Qxe1+ 38. Kh2 Ne6 39. Qb6 Qd2 40.
Bxb7 Nd4 41. Qf6 Qxb4 42. Bd5 Ne6 43. Bxe6 fxe6 44. g3 1/2-1/2

[Event "11. Europa ch 2010 Femenino"]
[Site "Rijeka CRO"]
[Date "2010.03.11"]
[Round "6.13"]
[White "Kursova, Maria"]
[Black "Rajlich, Iweta"]
[Result "0-1"]
[WhiteElo "2296"]
[BlackElo "2459"]
[PlyCount "84"]
[EventDate "2010.03.06"]
[EventType "swiss"]
[EventRounds "11"]
[EventCountry "CRO"]
[Source "lmi"]
[SourceDate "2010.03.06"]

1. d4 Nf6 2. Nf3 g6 3. c4 Bg7 4. g3 d5 5. cxd5 Nxd5 6. Bg2 Nb6 7. Nc3 Nc6 8. e3
O-O 9. O-O Re8 10. d5 Na5 11. Nd4 Bd7 12. e4 c6 13. b3 Rc8 14. Bb2 cxd5 15.
exd5 Nbc4 16. bxc4 Qb6 17. Ne6 fxe6 18. Rb1 Rxc4 19. Qe2 e5 20. Ba1 Bg4 21. Qe1
Rb4 22. Rc1 Nc4 23. Ne4 Bf5 24. Qe2 Bxe4 25. Bxe4 Nd6 26. Bg2 e4 27. Bxg7 Kxg7
28. a3 Rb2 29. Rc2 Rxc2 30. Qxc2 Qd4 31. Rd1 Rc8 32. Rxd4 Rxc2 33. Bxe4 Rc4 34.
Rxc4 Nxc4 35. a4 Nb6 36. a5 Nc4 37. a6 bxa6 38. f4 a5 39. Bc2 Nb6 40. Bb3 a4
41. Ba2 a3 42. Kf2 Na4 0-1

[Event "11. Europa ch 2010 Femenino"]
[Site "Rijeka CRO"]
[Date "2010.03.11"]
[Round "6.14"]
[White "Dembo, Yelena"]
[Black "Papp, Petra"]
[Result "1-0"]
[WhiteElo "2457"]
[BlackElo "2263"]
[PlyCount "101"]
[EventDate "2010.03.06"]
[EventType "swiss"]
[EventRounds "11"]
[EventCountry "CRO"]
[Source "lmi"]
[SourceDate "2010.03.06"]

1. e4 e5 2. Nf3 Nc6 3. d4 exd4 4. Nxd4 Bc5 5. Be3 Qf6 6. c3 Nge7 7. Bc4 Ne5 8.
Be2 Qg6 9. O-O d6 10. f4 Qxe4 11. Bf2 Bxd4 12. cxd4 N5g6 13. g3 Bh3 14. Bf3 Qf5
15. Re1 d5 16. Nc3 c6 17. b4 h5 18. Qe2 Bg4 19. Nd1 Bxf3 20. Qxf3 O-O-O 21. b5
h4 22. g4 Qf6 23. f5 Rde8 24. h3 cxb5 25. Qc3+ Nc6 26. fxg6 Rxe1+ 27. Qxe1 fxg6
28. Rc1 Kb8 29. Qe3 Qf7 30. Nc3 b4 31. Ne2 Ka8 32. Re1 Re8 33. Qf4 Qd7 34. Bxh4
a5 35. Nc1 Rh8 36. Bg3 Rxh3 37. Kg2 Rh8 38. Nd3 Qc8 39. Bf2 Qd8 40. Ne5 Rf8 41.
Qe3 Qd6 42. Rc1 Nd8 43. Bg3 Qe6 44. Qd3 Qe8 45. Rc8+ Ka7 46. Bh4 Qa4 47. Bxd8
Qxa2+ 48. Rc2 Qb1 49. Bb6+ Kxb6 50. Rc6+ bxc6 51. Qxb1 1-0

[Event "11. Europa ch 2010 Femenino"]
[Site "Rijeka CRO"]
[Date "2010.03.11"]
[Round "6.15"]
[White "Nebolsina, Vera"]
[Black "Gunina, Valentina"]
[Result "1-0"]
[WhiteElo "2310"]
[BlackElo "2457"]
[PlyCount "121"]
[EventDate "2010.03.06"]
[EventType "swiss"]
[EventRounds "11"]
[EventCountry "CRO"]
[Source "lmi"]
[SourceDate "2010.03.06"]

1. d4 d5 2. c4 e6 3. Nc3 c5 4. cxd5 exd5 5. Nf3 Nc6 6. g3 Nf6 7. Bg2 Be7 8. O-O
cxd4 9. Nxd4 O-O 10. Bg5 h6 11. Be3 Re8 12. Rc1 Bf8 13. Na4 Bd7 14. Nc5 Na5 15.
Bf4 Rc8 16. b4 Bxc5 17. bxc5 Ne4 18. Nb3 Ba4 19. Qd3 Nc4 20. Qd4 g5 21. Be3 Qe7
22. Qxd5 Nxe3 23. fxe3 Bxb3 24. axb3 Nxc5 25. Qf5 Kg7 26. b4 Nd7 27. Rxc8 Rxc8
28. Be4 Rh8 29. Qd5 Nf6 30. Qd4 Rd8 31. Qc3 Rd6 32. Bb1 Rb6 33. e4 Qxb4 34. Qa1
Qc5+ 35. Kh1 Re6 36. Ba2 Re5 37. Bd5 Qe7 38. Bxb7 Kg6 39. Qxa7 Rb5 40. Qa6 Rxb7
41. e5 Qxe5 42. Qxb7 Qxe2 43. Kg1 Qe6 44. Qf3 Ng4 45. Kh1 f5 46. Rc1 Ne5 47.
Qa8 Kh5 48. h3 g4 49. h4 Nd3 50. Ra1 Nf2+ 51. Kh2 Ne4 52. Ra5 Nf6 53. Qg2 Kg6
54. Qf1 Qe4 55. Qf2 Qd3 56. Qa2 Qd7 57. Ra6 Qe8 58. h5+ Kg7 59. Ra7+ Nd7 60.
Qd2 Qxh5+ 61. Kg1 1-0

[Event "11. Europa ch 2010 Femenino"]
[Site "Rijeka CRO"]
[Date "2010.03.11"]
[Round "6.16"]
[White "Skripchenko, Almira"]
[Black "Mrvova, Alena"]
[Result "1-0"]
[WhiteElo "2456"]
[BlackElo "2239"]
[PlyCount "119"]
[EventDate "2010.03.06"]
[EventType "swiss"]
[EventRounds "11"]
[EventCountry "CRO"]
[Source "lmi"]
[SourceDate "2010.03.06"]

1. e4 c5 2. Nf3 d6 3. c3 Nf6 4. h3 e6 5. Bd3 d5 6. e5 Nfd7 7. Bc2 c4 8. O-O Nc6
9. Re1 Be7 10. b3 b5 11. d4 cxd3 12. Bxd3 b4 13. Bb5 Bb7 14. Bxc6 Bxc6 15. Nd4
Rc8 16. Qg4 g6 17. cxb4 h5 18. Qf4 g5 19. Qd2 g4 20. hxg4 hxg4 21. a3 Rh5 22.
Qf4 Rg5 23. Qg3 Rg8 24. Bf4 Qb6 25. Qd3 Bb7 26. Nd2 Ba6 27. Qe3 Bb7 28. Nf1 a5
29. bxa5 Qxa5 30. b4 Qa4 31. Rac1 Rc4 32. Nd2 Nb6 33. Nxc4 Nxc4 34. Qb3 Qxb3
35. Nxb3 Kd7 36. Ra1 Ra8 37. Bc1 Bc6 38. Re2 Bf8 39. Bb2 Bg7 40. Bd4 Ba4 41.
Nc5+ Kc6 42. Kh2 Kb5 43. Kg3 Rg8 44. Nd7 Bh6 45. Nf6 Rg6 46. Rh1 Nxa3 47. Nxg4
Bg7 48. Bc5 Nc2 49. Kf4 d4 50. Rd2 f6 51. exf6 e5+ 52. Kf5 Rxg4 53. Kxg4 Bxf6
54. Kf5 Bd8 55. Rc1 Na3 56. Kxe5 Bc7+ 57. Ke4 d3 58. Rxd3 Bc2 59. Rxc2 Nxc2 60.
f4 1-0

[Event "11. Europa ch 2010 Femenino"]
[Site "Rijeka CRO"]
[Date "2010.03.11"]
[Round "6.17"]
[White "Sikorova, Olga"]
[Black "Khurtsidze, Nino"]
[Result "0-1"]
[WhiteElo "2256"]
[BlackElo "2434"]
[PlyCount "76"]
[EventDate "2010.03.06"]
[EventType "swiss"]
[EventRounds "11"]
[EventCountry "CRO"]
[Source "lmi"]
[SourceDate "2010.03.06"]

1. e4 c5 2. Nc3 e6 3. Nf3 a6 4. d4 cxd4 5. Nxd4 Qc7 6. g3 Bb4 7. Bd2 Nc6 8. Nb3
Ne5 9. Qe2 b5 10. a3 Be7 11. Bf4 d6 12. Nd2 Nf6 13. h3 Bb7 14. g4 Rc8 15. g5
Nfd7 16. Rg1 Nb6 17. h4 Nec4 18. Nxc4 Nxc4 19. Nd1 Nxb2 20. Bc1 Nxd1 21. Kxd1
Qc3 22. Rb1 Qd4+ 23. Qd3 Qxf2 24. Rg4 Rc4 25. Be3 Qf3+ 26. Be2 Qh1+ 27. Rg1
Qxe4 28. Qd2 Rc7 29. Rb4 Qc6 30. g6 hxg6 31. h5 Bf6 32. c4 bxc4 33. hxg6 Qe4
34. gxf7+ Kxf7 35. Rg4 Rh1+ 36. Bg1 Qxg4 37. Bxg4 Rxg1+ 38. Kc2 Be4+ 0-1

[Event "11. Europa ch 2010 Femenino"]
[Site "Rijeka CRO"]
[Date "2010.03.11"]
[Round "6.18"]
[White "Mkrtchian, Lilit"]
[Black "Chelushkina, Irina"]
[Result "1/2-1/2"]
[WhiteElo "2503"]
[BlackElo "2319"]
[PlyCount "160"]
[EventDate "2010.03.06"]
[EventType "swiss"]
[EventRounds "11"]
[EventCountry "CRO"]
[Source "lmi"]
[SourceDate "2010.03.06"]

1. d4 f5 2. Nc3 Nf6 3. Bg5 d5 4. Bxf6 exf6 5. e3 c6 6. Qd2 Be6 7. Bd3 Nd7 8.
Nge2 g6 9. Nf4 Bf7 10. h4 Rg8 11. Nce2 Qb6 12. O-O-O O-O-O 13. Kb1 Ne5 14. c3
Nxd3 15. Qxd3 h5 16. Ka1 Bd6 17. g3 Kb8 18. Ng1 Qc7 19. Nf3 Qe7 20. Nd2 Bc7 21.
Rc1 g5 22. Nh3 f4 23. gxf4 g4 24. Ng1 g3 25. fxg3 Rde8 26. Nf1 Bg6 27. Qd1 Be4
28. Rh2 Qh7 29. Rd2 Qf5 30. Qe2 Qg6 31. Nh3 Bf5 32. Nf2 Re7 33. c4 Be6 34. c5
Bf5 35. b4 a6 36. a4 Qe8 37. Rc3 Bd7 38. Rb2 Rgg7 39. Rcb3 Kc8 40. Ra3 Bb8 41.
Rab3 Bc7 42. Qd3 Qg8 43. Qd1 Qe8 44. Qb1 Qg8 45. Qd1 Qe8 46. Qf3 Qg6 47. Ra3
Qf5 48. Qe2 Bb8 49. e4 dxe4 50. Re3 Qd5 51. Rxe4 Rxe4 52. Qxe4 Qc4 53. Qd3 Qxd3
54. Nxd3 Bh3 55. Ne3 Rxg3 56. Re2 Bc7 57. Kb2 Bd7 58. Kc3 a5 59. bxa5 Bxa5+ 60.
Kc2 Bc7 61. Kd2 Ba5+ 62. Kc2 Kd8 63. Nf2 Rf3 64. Ne4 Rxf4 65. Nd6 Bc7 66. Nec4
Bxd6 67. cxd6 b5 68. axb5 cxb5 69. Na5 Rxd4 70. Kc3 Ra4 71. Nb3 Rxh4 72. Nd4
b4+ 73. Kd3 b3 74. Kc3 Rh3+ 75. Kb4 h4 76. Nxb3 Rd3 77. Nc5 Rd4+ 78. Kc3 Rd5
79. Kc4 Bc6 80. Re6 Rf5 1/2-1/2

[Event "11. Europa ch 2010 Femenino"]
[Site "Rijeka CRO"]
[Date "2010.03.11"]
[Round "6.19"]
[White "Zakurdjaeva, Irina"]
[Black "Javakhishvili, Lela"]
[Result "0-1"]
[WhiteElo "2313"]
[BlackElo "2500"]
[PlyCount "72"]
[EventDate "2010.03.06"]
[EventType "swiss"]
[EventRounds "11"]
[EventCountry "CRO"]
[Source "lmi"]
[SourceDate "2010.03.06"]

1. e4 c5 2. Nf3 e6 3. d4 cxd4 4. Nxd4 a6 5. Nc3 d6 6. Be3 Nf6 7. Be2 Be7 8. O-O
Qc7 9. f4 O-O 10. Qe1 b5 11. a3 Bb7 12. Bf3 Nbd7 13. Kh1 Rfe8 14. Qg3 Nc5 15.
e5 Nfe4 16. Nxe4 Nxe4 17. Bxe4 Bxe4 18. f5 exf5 19. e6 Bf8 20. exf7+ Qxf7 21.
Rf2 g6 22. Raf1 Bg7 23. Qxd6 Rad8 24. Qb6 Qf6 25. Nf3 Re6 26. Qa5 h6 27. c3 Qe7
28. Bc5 Qe8 29. Nd4 Rf6 30. Re2 Rc8 31. Bb6 Qf7 32. Bd8 Rd6 33. Rxe4 Rcxd8 34.
Re6 R8d7 35. Rfe1 Rxe6 36. Rxe6 Rxd4 0-1

[Event "11. Europa ch 2010 Femenino"]
[Site "Rijeka CRO"]
[Date "2010.03.11"]
[Round "6.20"]
[White "Berend, Elvira"]
[Black "Danielian, Elina"]
[Result "1/2-1/2"]
[WhiteElo "2299"]
[BlackElo "2491"]
[PlyCount "54"]
[EventDate "2010.03.06"]
[EventType "swiss"]
[EventRounds "11"]
[EventCountry "CRO"]
[Source "lmi"]
[SourceDate "2010.03.06"]

1. e4 e6 2. d3 d5 3. Nd2 Nf6 4. Ngf3 Nc6 5. g3 Bc5 6. Bg2 dxe4 7. dxe4 e5 8.
O-O O-O 9. h3 a5 10. Qe2 b6 11. Nc4 Ba6 12. c3 h6 13. b3 Qe7 14. Nh4 Qe6 15.
Nf5 a4 16. Qf3 axb3 17. axb3 Bxc4 18. Rxa8 Bxf1 19. Rxf8+ Kxf8 20. Bxf1 Qxb3
21. Nxg7 Kxg7 22. Bxh6+ Kxh6 23. Qxf6+ Kh7 24. Qf5+ Kg7 25. Qg5+ Kf8 26. Qh6+
Kg8 27. Qg5+ Kf8 1/2-1/2

[Event "11. Europa ch 2010 Femenino"]
[Site "Rijeka CRO"]
[Date "2010.03.11"]
[Round "6.21"]
[White "Dolukhanova, Evgeniya"]
[Black "Paehtz, Elisabeth"]
[Result "1/2-1/2"]
[WhiteElo "2297"]
[BlackElo "2486"]
[PlyCount "155"]
[EventDate "2010.03.06"]
[EventType "swiss"]
[EventRounds "11"]
[EventCountry "CRO"]
[Source "lmi"]
[SourceDate "2010.03.06"]

1. Nf3 Nf6 2. g3 d5 3. Bg2 c6 4. O-O Bg4 5. d3 Nbd7 6. Nbd2 e6 7. h3 Bh5 8. e4
Be7 9. Qe1 dxe4 10. Nxe4 Nxe4 11. dxe4 O-O 12. Bd2 e5 13. Bc3 f6 14. Nh4 Bc5
15. Nf5 a5 16. Qd2 b5 17. g4 Bf7 18. Rfd1 Be6 19. a3 a4 20. Bb4 Qb6 21. Bxc5
Qxc5 22. Qb4 Qxb4 23. axb4 Rfe8 24. Rd6 Rac8 25. c4 Nf8 26. Bf1 g6 27. Ne3 Red8
28. Rxd8 Rxd8 29. cxb5 cxb5 30. Bxb5 Rb8 31. Bxa4 Rxb4 32. Nd5 Rxb2 33. Nxf6+
Kg7 34. Nd5 h5 35. gxh5 gxh5 36. Be8 Bxh3 37. Bxh5 Kh6 38. Bf7 Nh7 39. Ra6+ Kg7
40. Bh5 Nf8 41. Nc7 Bd7 42. Rd6 Rc2 43. Nd5 Rc6 44. Rxc6 Bxc6 45. Nc3 Ne6 46.
Be2 Kf6 47. Kh2 Nf4 48. Bc4 Ke7 49. Bb5 Bb7 50. Kg3 Kd6 51. Kf3 Kc5 52. Bf1 Kd4
53. Nb5+ Kc5 54. Na3 Kd4 55. Nc2+ Kc5 56. Ke3 Bc6 57. Ne1 Kd6 58. Nf3 Be8 59.
Nh4 Bd7 60. Bc4 Bc8 61. Bf7 Bd7 62. Ng6 Nxg6 63. Bxg6 Bg4 64. Bf5 Bh5 65. Bh3
Bd1 66. Bf1 Bh5 67. Be2 Bf7 68. Bg4 Bb3 69. Kf3 Ke7 70. Kg3 Kf6 71. Kh4 Bf7 72.
Bd7 Bc4 73. Kg4 Be2+ 74. Kg3 Bd1 75. Bg4 Bc2 76. Bf3 Bb3 77. Be2 Kg5 78. Bd3
1/2-1/2

[Event "11. Europa ch 2010 Femenino"]
[Site "Rijeka CRO"]
[Date "2010.03.11"]
[Round "6.22"]
[White "Khotenashvili, Bela"]
[Black "Manakova, Maria"]
[Result "0-1"]
[WhiteElo "2448"]
[BlackElo "2315"]
[PlyCount "102"]
[EventDate "2010.03.06"]
[EventType "swiss"]
[EventRounds "11"]
[EventCountry "CRO"]
[Source "lmi"]
[SourceDate "2010.03.06"]

1. Nf3 Nf6 2. g3 c5 3. Bg2 Nc6 4. d4 cxd4 5. Nxd4 d5 6. c4 e5 7. Nxc6 bxc6 8.
O-O Be7 9. Nc3 Be6 10. cxd5 cxd5 11. Qa4+ Bd7 12. Qa6 d4 13. Ne4 Nxe4 14. Bxe4
Rb8 15. Qxa7 O-O 16. a4 f5 17. Bd5+ Kh8 18. b3 Be8 19. Bg2 Rxb3 20. Bd2 Rb2 21.
Rfd1 Bh5 22. Rab1 Rxb1 23. Rxb1 Bxe2 24. Bc6 Qd6 25. Qb7 Qf6 26. a5 f4 27. gxf4
Ba6 28. Qxa6 Qg6+ 29. Bg2 Qxb1+ 30. Bf1 exf4 31. Qe6 Qg6+ 32. Qxg6 hxg6 33. Kg2
g5 34. a6 Bc5 35. Kf3 Rb8 36. Bd3 Rb3 37. Ke4 Ra3 38. h3 g6 39. Be1 Kg7 40. f3
Kf6 41. Bf2 Ke6 42. h4 gxh4 43. Bxh4 Be7 44. Be1 Ra4 45. Kxf4 Kd5 46. Bd2 g5+
47. Kf5 Ra3 48. Be4+ Kc4 49. Bb7 Kd3 50. Bc1 Ra5+ 51. Ke6 Kc2 0-1